[Event "OP-2012-0-02366"]
[Site "LSS email"]
[Date "2012.08.19"]
[Round "?"]
[White "Rush, Bradley"]
[Black "Reede, Arvo"]
[Result "0-1"]
[WhiteElo "867"]
[BlackElo "1584"]
[PlyCount "48"]
[EventDate "2012.08.17"]
[EventType "tourn (corr)"]
[EventRounds "4"]
[EventCountry "GER"]
[SourceTitle "Telechess CBM 163"]
[Source "ChessBase"]
[SourceDate "2014.11.11"]
[SourceVersion "2"]
[SourceVersionDate "2014.11.11"]
[SourceQuality "1"]

1. b4 e5 2. Bb2 Bxb4 3. Bxe5 Nf6 4. c4 Nc6 5. Bb2 0-0 6. e3 d5 7. cxd5 Qxd5 8. Nc3 Bxc3 9. Bxc3 Ne4 10. Nf3 Nxc3 11. dxc3 Qc5 12. Qc1 Rd8 13. Be2 Bg4 14. 0-0 Ne5 15. Nd4 Bxe2 16. Nxe2 Rd3 17. Rd1 Rad8 18. Rxd3 Rxd3 19. Rb1 b6 20. Rb3 Qd5 21. Rb1 Qxa2 22. Ng3 Ng4 23. Nh1 a5 24. Rb2 Qxb2 0-1

[Event "OP-2012-0-02366"]
[Site "LSS email"]
[Date "2012.08.19"]
[Round "?"]
[White "Urbelz, Ignacio"]
[Black "Rush, Bradley"]
[Result "1-0"]
[WhiteElo "1473"]
[BlackElo "867"]
[PlyCount "29"]
[EventDate "2012.08.17"]
[EventType "tourn (corr)"]
[EventRounds "4"]
[EventCountry "GER"]
[SourceTitle "Corr 2015"]
[Source "ChessBase"]
[SourceDate "2015.07.17"]
[SourceVersion "1"]
[SourceVersionDate "2015.07.17"]
[SourceQuality "1"]

1. Nf3 b5 2. g3 Bb7 3. Bg2 e6 4. d3 Nf6 5. 0-0 c5 6. e4 d5 7. e5 Nfd7 8. Re1 Nc6 9. h4 Qc7 10. Bf4 h6 11. Nc3 a6 12. Nxd5 Qa5 13. Nc3 Nd4 14. Nxd4 Bxg2 15. Kxg2 1-0

[Event "LSS No Engine Cup 69 Preliminary 7"]
[Site "LSS email"]
[Date "2012.07.19"]
[Round "?"]
[White "Rush, Bradley"]
[Black "Goepfert, Christian"]
[Result "0-1"]
[WhiteElo "867"]
[BlackElo "630"]
[PlyCount "46"]
[EventDate "2012.07.20"]
[EventType "tourn (corr)"]
[EventRounds "6"]
[EventCountry "GER"]
[SourceTitle "Telechess CBM 165"]
[Source "ChessBase"]
[SourceDate "2015.03.11"]
[SourceVersion "1"]
[SourceVersionDate "2015.03.11"]
[SourceQuality "1"]

1. b4 e5 2. Bb2 Bxb4 3. Bxe5 Nf6 4. c4 0-0 5. e3 d5 6. Nf3 Nc6 7. Bb2 Re8 8. Be2 dxc4 9. Bxc4 Be6 10. Bxe6 Rxe6 11. 0-0 Ne4 12. d3 Nc5 13. d4 Ne4 14. a3 Bd6 15. g3 Ne7 16. Qd3 c5 17. dxc5 Bxc5 18. Qxd8+ Rxd8 19. Nc3 Nd2 20. Nxd2 Rxd2 21. Rab1 b5 22. Nxb5 Rb6 23. a4 a6 0-1

[Event "OP-2012-0-02291"]
[Site "LSS email"]
[Date "2012.07.11"]
[Round "?"]
[White "Rush, Bradley"]
[Black "Raines, David T"]
[Result "0-1"]
[WhiteElo "867"]
[BlackElo "1093"]
[PlyCount "56"]
[EventDate "2012.07.08"]
[EventType "tourn (corr)"]
[EventRounds "4"]
[EventCountry "GER"]
[SourceTitle "Telechess CBM 165"]
[Source "ChessBase"]
[SourceDate "2015.03.11"]
[SourceVersion "1"]
[SourceVersionDate "2015.03.11"]
[SourceQuality "1"]

1. b4 d5 2. Bb2 c6 3. e3 Nf6 4. Nf3 Bf5 5. c4 e6 6. a3 Nbd7 7. c5 Be7 8. Nd4 Bg6 9. h4 h5 10. Nf3 Qc7 11. d4 a5 12. Nbd2 axb4 13. axb4 0-0 14. Be2 Ng4 15. Ng5 Ndf6 16. Ndf3 Nd7 17. 0-0 Bf6 18. Bd3 Bxg5 19. hxg5 Rae8 20. b5 e5 21. b6 Qb8 22. Bxg6 fxg6 23. Nh2 Nxh2 24. Kxh2 exd4+ 25. g3 dxe3 26. fxe3 Rxe3 27. Rxf8+ Qxf8 28. Qg1 Re2+ 0-1

[Event "OP-2012-0-02285"]
[Site "LSS email"]
[Date "2012.07.07"]
[Round "?"]
[White "Kaupat, Lothar"]
[Black "Rush, Bradley"]
[Result "1-0"]
[WhiteElo "737"]
[BlackElo "910"]
[PlyCount "41"]
[EventDate "2012.07.03"]
[EventType "tourn (corr)"]
[EventRounds "4"]
[EventCountry "GER"]
[SourceTitle "Telechess CBM 165"]
[Source "ChessBase"]
[SourceDate "2015.03.11"]
[SourceVersion "1"]
[SourceVersionDate "2015.03.11"]
[SourceQuality "1"]

1. e4 e6 2. d4 a6 3. Nf3 b5 4. c4 Bb7 5. d5 Bb4+ 6. Bd2 Bxd2+ 7. Nbxd2 exd5 8. cxd5 Qe7 9. Bd3 Bxd5 10. 0-0 Bb7 11. Re1 Nf6 12. e5 Nd5 13. Be4 0-0 14. Nb3 a5 15. Bxd5 c6 16. Be4 h6 17. Qd6 Qxd6 18. exd6 Bc8 19. Nc5 Na6 20. Rac1 Nxc5 21. Rxc5 1-0

[Event "ZN-2012-0-01985"]
[Site "LSS email"]
[Date "2012.07.01"]
[Round "?"]
[White "Rush, Bradley"]
[Black "Simmons, Ernest"]
[Result "1-0"]
[WhiteElo "940"]
[BlackElo "726"]
[PlyCount "55"]
[EventDate "2012.06.27"]
[EventType "match (corr)"]
[EventRounds "2"]
[EventCountry "GER"]
[SourceTitle "Telechess CBM 155"]
[Source "ChessBase"]
[SourceDate "2013.07.16"]
[SourceVersion "1"]
[SourceVersionDate "2013.07.16"]
[SourceQuality "1"]

1. b4 e5 2. Bb2 d6 3. c4 Nf6 4. d4 Be7 5. dxe5 dxe5 6. Qxd8+ Bxd8 7. Bxe5 0-0 8. b5 Nbd7 9. Bc3 Nb6 10. e3 Be6 11. c5 Nbd7 12. Nf3 Nxc5 13. Nbd2 b6 14. Be2 Re8 15. 0-0 Na4 16. Bd4 Be7 17. Ne5 Rad8 18. Nc6 Ra8 19. Bf3 Bd5 20. Nxe7+ Rxe7 21. Bxf6 gxf6 22. Bxd5 Rd8 23. Ne4 f5 24. Nf6+ Kg7 25. Nh5+ Kh6 26. Nf4 Nc3 27. Bc6 Re5 28. a4 1-0

[Event "LSS No Engine Cup 68 Preliminary 6"]
[Site "LSS email"]
[Date "2012.06.30"]
[Round "?"]
[White "Huseby, Juan Carlos"]
[Black "Rush, Bradley"]
[Result "0-1"]
[WhiteElo "534"]
[BlackElo "867"]
[PlyCount "56"]
[EventDate "2012.07.01"]
[EventType "tourn (corr)"]
[EventRounds "6"]
[EventCountry "GER"]
[SourceTitle "Telechess CBM 165"]
[Source "ChessBase"]
[SourceDate "2015.03.11"]
[SourceVersion "1"]
[SourceVersionDate "2015.03.11"]
[SourceQuality "1"]

1. f4 b5 2. Nf3 Bb7 3. Ne5 e6 4. e3 Nf6 5. Rg1 d6 6. Bxb5+ c6 7. Nxf7 Kxf7 8. Be2 c5 9. Nc3 d5 10. Bf3 Nbd7 11. Ne2 Rb8 12. d4 c4 13. c3 g6 14. g4 Ne4 15. g5 h6 16. a3 hxg5 17. Rg2 Bd6 18. Bxe4 dxe4 19. Rxg5 Rxh2 20. Ng3 Nf6 21. Bd2 Bd5 22. Ra2 Qh8 23. Rxg6 Kxg6 24. Qa4 Rh1+ 25. Nxh1 Qxh1+ 26. Ke2 Rh8 27. Be1 Rh2+ 28. Bf2 Qf3+ 0-1

[Event "OP-2012-0-02266"]
[Site "LSS email"]
[Date "2012.06.26"]
[Round "?"]
[White "Rush, Bradley"]
[Black "Raines, David T"]
[Result "0-1"]
[WhiteElo "910"]
[BlackElo "1084"]
[PlyCount "124"]
[EventDate "2012.06.24"]
[EventType "tourn (corr)"]
[EventRounds "4"]
[EventCountry "GER"]
[SourceTitle "Telechess CBM 165"]
[Source "ChessBase"]
[SourceDate "2015.03.11"]
[SourceVersion "1"]
[SourceVersionDate "2015.03.11"]
[SourceQuality "1"]

1. b4 d5 2. Bb2 c6 3. e3 e6 4. c4 Nf6 5. c5 Be7 6. d4 0-0 7. Nf3 Nbd7 8. Nc3 a5 9. b5 Qc7 10. b6 Qb8 11. Bd3 e5 12. dxe5 Nxe5 13. Nxe5 Qxe5 14. Na4 Qg5 15. 0-0 Bh3 16. Qf3 Bg4 17. Qf4 Qxf4 18. exf4 Bd7 19. f3 Rfe8 20. Bd4 Nh5 21. g3 g6 22. Rae1 Ng7 23. Re2 Ne6 24. Bf2 Bf6 25. Rfe1 Kf8 26. a3 Nd4 27. Rxe8+ Bxe8 28. Kg2 Bd7 29. g4 Bg7 30. h4 f5 31. g5 Kf7 32. Nc3 Nb3 33. Na4 Be6 34. Bc2 Nd2 35. Be3 Nc4 36. Bc1 Re8 37. Bd3 d4 38. Kf2 Bd5 39. Rxe8 Kxe8 40. Ke2 Kf7 41. Kf2 Ke6 42. Ke2 Ne3 43. Bxe3 dxe3 44. Bc2 Bd4 45. Bd1 Bc4+ 46. Ke1 Kf7 47. Bc2 Bb5 48. Bb3+ Kf8 49. Bc2 Bxa4 50. Bxa4 Bxc5 51. Ke2 Bxa3 52. Bb3 Bc5 53. Be6 Bxb6 54. Bc8 a4 55. Be6 Bd4 56. Kd3 c5 57. Bd7 a3 58. Be6 b5 59. Ba2 Kg7 60. Ke2 h6 61. Kd3 hxg5 62. fxg5 f4 0-1

[Event "LSS No Engine Cup 67 Preliminary 4"]
[Site "LSS email"]
[Date "2012.06.11"]
[Round "?"]
[White "Rush, Bradley"]
[Black "Tobey, Al E"]
[Result "1-0"]
[WhiteElo "910"]
[BlackElo "563"]
[PlyCount "65"]
[EventDate "2012.06.12"]
[EventType "tourn (corr)"]
[EventRounds "6"]
[EventCountry "GER"]
[SourceTitle "Telechess CBM 165"]
[Source "ChessBase"]
[SourceDate "2015.03.11"]
[SourceVersion "1"]
[SourceVersionDate "2015.03.11"]
[SourceQuality "1"]

1. b4 e5 2. Bb2 d6 3. e3 Nf6 4. c4 Nbd7 5. Nc3 c6 6. Nf3 Be7 7. d4 0-0 8. Qc2 exd4 9. Nxd4 g6 10. b5 c5 11. Nf3 b6 12. Bd3 Bb7 13. Nh4 Bxg2 14. Nxg2 Ne5 15. 0-0-0 Neg4 16. h3 Ne5 17. Be2 a6 18. a4 Nfd7 19. Nd5 axb5 20. cxb5 c4 21. Bxe5 Nxe5 22. Kb1 Bg5 23. f4 Nd3 24. fxg5 Qxg5 25. Qxc4 Nf2 26. Qd4 Nxh1 27. Nf6+ Kh8 28. Nf4 Qh4 29. Bg4 Nf2 30. Rc1 Rfd8 31. N4d5 Nxg4 32. Nxg4+ Kg8 33. Ngf6+ 1-0

[Event "LSS No Engine Cup 67 Preliminary 4"]
[Site "LSS email"]
[Date "2012.06.11"]
[Round "?"]
[White "Torfs, Gert"]
[Black "Rush, Bradley"]
[Result "0-1"]
[WhiteElo "835"]
[BlackElo "910"]
[PlyCount "70"]
[EventDate "2012.06.12"]
[EventType "tourn (corr)"]
[EventRounds "6"]
[EventCountry "GER"]
[SourceTitle "Telechess CBM 165"]
[Source "ChessBase"]
[SourceDate "2015.03.11"]
[SourceVersion "1"]
[SourceVersionDate "2015.03.11"]
[SourceQuality "1"]

1. e4 e6 2. d4 a6 3. Nf3 b5 4. Bf4 Bb7 5. Bd3 c5 6. c3 Nf6 7. Bg5 Be7 8. Nbd2 h6 9. Bh4 Nh7 10. Bxe7 Qxe7 11. Qc2 c4 12. Be2 Ng5 13. h4 Nxf3+ 14. Nxf3 d5 15. e5 Nc6 16. 0-0-0 b4 17. cxb4 Qxb4 18. a3 Qb3 19. Qxb3 cxb3 20. Rd3 Rc8 21. Kd2 Ke7 22. Rxb3 Ba8 23. Bxa6 Rc7 24. Rc3 Rb8 25. Kc2 Rb6 26. Bd3 Rcb7 27. b4 f6 28. exf6+ gxf6 29. Kb3 Kd6 30. g4 Rg7 31. Rg1 e5 32. dxe5+ fxe5 33. Bf5 e4 34. Nd2 Nd4+ 35. Ka4 Ra6# 0-1

[Event "RN-2012-0-00490"]
[Site "LSS email"]
[Date "2012.06.09"]
[Round "?"]
[White "Bester, Kazimierz"]
[Black "Rush, Bradley"]
[Result "0-1"]
[WhiteElo "615"]
[BlackElo "900"]
[PlyCount "140"]
[EventDate "2012.05.28"]
[EventType "tourn (corr)"]
[EventRounds "6"]
[EventCountry "GER"]
[SourceTitle "Telechess CBM 155"]
[Source "ChessBase"]
[SourceDate "2013.07.16"]
[SourceVersion "1"]
[SourceVersionDate "2013.07.16"]
[SourceQuality "1"]

1. f4 b5 2. e3 Bb7 3. Nf3 a6 4. Be2 e6 5. 0-0 c5 6. c3 Nf6 7. Ne5 d6 8. Ng4 Nxg4 9. Bxg4 Nd7 10. d4 c4 11. Nd2 Nf6 12. Bf3 d5 13. Bg4 Nxg4 14. Nf3 h5 15. Ng5 Be7 16. Qf3 0-0 17. h3 Bxg5 18. hxg4 hxg4 19. Qxg4 Bh6 20. Kf2 Qf6 21. Rh1 a5 22. Bd2 Bc8 23. Qf3 Qg6 24. Rab1 f5 25. Rhe1 Kf7 26. Rg1 Qf6 27. Rbf1 g5 28. g3 g4 29. Qd1 Rh8 30. a4 Bd7 31. Be1 Bg7 32. axb5 Bxb5 33. Qa1 Rh2+ 34. Rg2 Rxg2+ 35. Kxg2 Qe7 36. Rh1 Kg6 37. Bd2 a4 38. Qg1 Rh8 39. Rxh8 Bxh8 40. Bc1 Qh7 41. Qh2 Qg8 42. Kf2 Bf6 43. Ke2 Be7 44. Kd2 Qf8 45. Kc2 a3 46. Kb1 Ba4 47. bxa3 Bxa3 48. Qa2 Qb8+ 49. Bb2 Qxb2+ 50. Qxb2 Bxb2 51. Kxb2 Kf7 52. Ka3 Bb3 53. Kb4 Ke7 54. Kc5 Kd7 55. Kb6 Bc2 56. Kb7 Kd6 57. Kb6 Ba4 58. Ka5 Bd7 59. Kb6 Bc6 60. Ka5 Kc7 61. Kb4 Kb6 62. Ka3 Ka5 63. Kb2 Ba4 64. Ka3 Bb3 65. Kb2 Ka4 66. Kc1 Ka3 67. Kb1 Ba4 68. Ka1 Kb3 69. Kb1 Kxc3 70. Kc1 Kd3 0-1

[Event "LSS No Engine Cup 66 Preliminary 7"]
[Site "LSS email"]
[Date "2012.05.28"]
[Round "?"]
[White "Rush, Bradley"]
[Black "Klawitter, Bernd"]
[Result "1-0"]
[WhiteElo "867"]
[BlackElo "887"]
[PlyCount "79"]
[EventDate "2012.05.29"]
[EventType "tourn (corr)"]
[EventRounds "6"]
[EventCountry "GER"]
[SourceTitle "Telechess CBM 163"]
[Source "ChessBase"]
[SourceDate "2014.11.11"]
[SourceVersion "2"]
[SourceVersionDate "2014.11.11"]
[SourceQuality "1"]

1. b4 b5 2. a4 c6 3. axb5 cxb5 4. e3 a6 5. Bb2 Bb7 6. Nf3 d6 7. c4 bxc4 8. Bxc4 d5 9. Bb3 e6 10. Ba3 Be7 11. Ne5 Bf6 12. Ba4+ Kf8 13. Bb2 Bxe5 14. Bxe5 Nc6 15. Bxc6 Bxc6 16. 0-0 Ne7 17. Nc3 Ng6 18. Bg3 Ke7 19. d4 Re8 20. h4 Kf8 21. h5 Nh8 22. Na4 Bxa4 23. Rxa4 Kg8 24. Qb3 Qd7 25. Rfa1 f5 26. Rxa6 Qb7 27. b5 Rxa6 28. Rxa6 Nf7 29. Qa4 Rd8 30. Ra7 Qc8 31. Rc7 Qa8 32. Qxa8 Rxa8 33. b6 Ra1+ 34. Kh2 Nh6 35. Be5 Ng4+ 36. Kg3 Nxe5 37. dxe5 Rb1 38. b7 Kf8 39. Rc8+ Ke7 40. b8Q 1-0

[Event "OP-2012-0-02206"]
[Site "LSS email"]
[Date "2012.05.20"]
[Round "?"]
[White "Rush, Bradley"]
[Black "Willmann, Bernd"]
[Result "0-1"]
[WhiteElo "916"]
[BlackElo "1620"]
[PlyCount "30"]
[EventDate "2012.05.18"]
[EventType "tourn (corr)"]
[EventRounds "4"]
[EventCountry "GER"]
[SourceTitle "Corr 2015"]
[Source "ChessBase"]
[SourceDate "2015.07.17"]
[SourceVersion "1"]
[SourceVersionDate "2015.07.17"]
[SourceQuality "1"]

1. b4 c6 2. e3 d5 3. b5 a6 4. c4 dxc4 5. Bxc4 axb5 6. Bd3 Qxd3 7. Bb2 Nf6 8. Qe2 Bf5 9. Nf3 Nbd7 10. Nc3 e5 11. h3 Ba3 12. Nd1 0-0 13. Bxe5 Nxe5 14. Nxe5 Qd5 15. d4 Qxg2 0-1

[Event "ZN-2012-0-01946"]
[Site "LSS email"]
[Date "2012.05.16"]
[Round "?"]
[White "Villar, Jeremias"]
[Black "Rush, Bradley"]
[Result "0-1"]
[WhiteElo "877"]
[BlackElo "950"]
[PlyCount "66"]
[EventDate "2012.05.06"]
[EventType "match (corr)"]
[EventRounds "2"]
[EventCountry "GER"]
[SourceTitle "Corr 2015"]
[Source "ChessBase"]
[SourceDate "2015.07.17"]
[SourceVersion "1"]
[SourceVersionDate "2015.07.17"]
[SourceQuality "1"]

1. d4 b5 2. e3 Bb7 3. Nf3 a6 4. c4 b4 5. c5 e6 6. Bd3 Nf6 7. 0-0 Be7 8. Bd2 a5 9. a3 d6 10. axb4 axb4 11. Rxa8 Bxa8 12. Qa4+ Nc6 13. Bxb4 0-0 14. Bb5 Nxb4 15. Qxb4 Bxf3 16. Nd2 Bh5 17. Nb3 dxc5 18. dxc5 Nd5 19. Qd4 Bf6 20. Qd2 Bg5 21. f4 Bf6 22. e4 Nxf4 23. Qxf4 e5 24. Qe3 Bg6 25. Na5 Bg5 26. Qg3 Qd4+ 27. Kh1 Bf4 28. Qd3 Qxc5 29. g3 Be3 30. Nc6 Kh8 31. b4 Qxb5 32. Qxb5 Bxe4+ 33. Rf3 Bxf3# 0-1

[Event "OP-2012-0-02193"]
[Site "LSS email"]
[Date "2012.05.12"]
[Round "?"]
[White "Kalinin, Vyacheslav"]
[Black "Rush, Bradley"]
[Result "1-0"]
[WhiteElo "1576"]
[BlackElo "916"]
[PlyCount "75"]
[EventDate "2012.05.08"]
[EventType "tourn (corr)"]
[EventRounds "4"]
[EventCountry "GER"]
[SourceTitle "Telechess CBM 153"]
[Source "ChessBase"]
[SourceDate "2013.03.14"]
[SourceVersion "1"]
[SourceVersionDate "2013.03.14"]
[SourceQuality "1"]

1. c4 g5 2. d4 h6 3. f4 g4 4. e4 d6 5. Nc3 Bg7 6. Be3 f5 7. Qc2 e6 8. 0-0-0 b6 9. exf5 exf5 10. Bd3 Ne7 11. h3 h5 12. Nge2 Nbc6 13. h4 Nb4 14. Qa4+ Nbc6 15. d5 Bd7 16. dxc6 Bxc6 17. Qb3 Bxg2 18. Rhg1 Bf3 19. Rde1 Qd7 20. Nd4 Bxd4 21. Bxd4 0-0-0 22. Bxh8 Rxh8 23. Nd5 Nxd5 24. cxd5 Re8 25. Rxe8+ Qxe8 26. Bxf5+ Kb7 27. Be6 Qg6 28. Qc4 c5 29. Qb5 Qf6 30. Qc6+ Ka6 31. Bc8+ Ka5 32. Qb7 Qxf4+ 33. Kb1 Qe4+ 34. Ka1 Be2 35. Qxa7+ Kb4 36. Qa3+ Kc4 37. Qb3+ Kd4 38. Qc3+ 1-0

[Event "OP-2012-0-02193"]
[Site "LSS email"]
[Date "2012.05.12"]
[Round "?"]
[White "Vontina, Maria"]
[Black "Rush, Bradley"]
[Result "0-1"]
[WhiteElo "810"]
[BlackElo "916"]
[PlyCount "78"]
[EventDate "2012.05.08"]
[EventType "tourn (corr)"]
[EventRounds "4"]
[EventCountry "GER"]
[SourceTitle "Telechess CBM 153"]
[Source "ChessBase"]
[SourceDate "2013.03.14"]
[SourceVersion "1"]
[SourceVersionDate "2013.03.14"]
[SourceQuality "1"]

1. e4 e6 2. d4 a6 3. Nf3 b5 4. c4 Bb7 5. Nc3 Bb4 6. d5 Nf6 7. Bg5 h6 8. Bxf6 Qxf6 9. Qc2 bxc4 10. Bxc4 c6 11. 0-0 Bxc3 12. bxc3 cxd5 13. exd5 0-0 14. Qd3 e5 15. Qe4 d6 16. Bb3 Nd7 17. c4 Nc5 18. Qe3 Nxb3 19. axb3 Rfe8 20. Qe4 Re7 21. Nd2 Rb8 22. Rfb1 Bc8 23. f3 Bf5 24. Qe1 Bxb1 25. Rxb1 Reb7 26. Qe3 a5 27. Ne4 Qg6 28. Qc3 f5 29. Nd2 a4 30. b4 Qf7 31. Kf2 Ra7 32. Qa3 Rb6 33. Ra1 Qc7 34. g3 Rab7 35. Rb1 e4 36. fxe4 fxe4 37. Ke3 Rxb4 38. Rxb4 Qc5+ 39. Kxe4 Qxb4 0-1

[Event "LSS No Engine Cup 65 Preliminary 5"]
[Site "LSS email"]
[Date "2012.05.06"]
[Round "?"]
[White "Digalakis, Georgios"]
[Black "Rush, Bradley"]
[Result "1-0"]
[WhiteElo "1581"]
[BlackElo "940"]
[PlyCount "33"]
[EventDate "2012.05.07"]
[EventType "tourn (corr)"]
[EventRounds "6"]
[EventCountry "GER"]
[SourceTitle "Corr 2015"]
[Source "ChessBase"]
[SourceDate "2015.07.17"]
[SourceVersion "1"]
[SourceVersionDate "2015.07.17"]
[SourceQuality "1"]

1. d4 b5 2. e4 Bb7 3. Bd3 f5 4. Nd2 Nf6 5. Qe2 a6 6. Ngf3 g6 7. exf5 Rg8 8. fxg6 hxg6 9. Ne4 Bg7 10. Nc5 Bd5 11. Bxg6+ Bf7 12. Bxf7+ Kxf7 13. Bd2 Nc6 14. Ne5+ Nxe5 15. dxe5 Nh7 16. e6+ Kf8 17. Nxd7+ 1-0

[Event "OP-2012-0-02179"]
[Site "LSS email"]
[Date "2012.05.03"]
[Round "?"]
[White "Huseby, Juan Carlos"]
[Black "Rush, Bradley"]
[Result "0-1"]
[WhiteElo "601"]
[BlackElo "950"]
[PlyCount "124"]
[EventDate "2012.04.30"]
[EventType "tourn (corr)"]
[EventRounds "4"]
[EventCountry "GER"]
[SourceTitle "Corr 2015"]
[Source "ChessBase"]
[SourceDate "2015.07.17"]
[SourceVersion "1"]
[SourceVersionDate "2015.07.17"]
[SourceQuality "1"]

1. f4 b5 2. e4 Bb7 3. d3 e6 4. Nf3 c5 5. g3 Nf6 6. Ng5 h6 7. Nxf7 Kxf7 8. Bg2 d5 9. e5 Nfd7 10. d4 cxd4 11. Qxd4 Nc6 12. Qf2 Bc5 13. Be3 Qb6 14. Bxc5 Qxc5 15. Nc3 Qxf2+ 16. Kxf2 a6 17. Ne2 Nc5 18. Rhd1 g5 19. f5 Nxe5 20. fxe6+ Nxe6 21. h3 Rad8 22. Nd4 Nxd4 23. Rxd4 Rhf8 24. Re1 Kg6+ 25. Kg1 Nf3+ 26. Bxf3 Rxf3 27. Re7 Bc6 28. Ra7 Ra8 29. Rxa8 Bxa8 30. Kg2 Rf6 31. h4 a5 32. a4 b4 33. b3 Rc6 34. Rd2 d4 35. Kh3 Rd6 36. g4 gxh4 37. Rf2 Re6 38. Kxh4 Re1 39. Rd2 Rh1+ 40. Kg3 Rc1 41. Kf4 Rf1+ 42. Ke5 Kg5 43. Kxd4 Kxg4 44. Kc5 h5 45. Rd4+ Kg3 46. Rd6 Rf5+ 47. Kb6 h4 48. Rd3+ Bf3 49. c4 bxc3 50. Rxc3 h3 51. Rc5 Rxc5 52. Kxc5 h2 53. Kb6 h1Q 54. Kxa5 Bd1 55. b4 Qh5+ 56. b5 Qc5 57. Ka6 Bxa4 58. b6 Bb5+ 59. Ka7 Qd4 60. Kb7 Qd7+ 61. Ka8 Ba6 62. b7 Qxb7# 0-1